| 000 | 00418nam a2200109Ia 4500 | ||
|---|---|---|---|
| 008 | 170221s9999 xx 000 0 und d | ||
| 100 | _aCasey Iddon | ||
| 245 | _aValue Relevance of Accounting and Other Variables in the Junior-Mining Sector | ||
| 245 | _cCasey Iddon, Samanthala Hettihewa, and Christopher S. Wright | ||
| 650 | _xBusiness | ||
| 856 | _uhttp://ro.uow.edu.au/cgi/viewcontent.cgi?article=1542&context=aabfj | ||
| 999 |
_c307985 _d307985 |
||